• 首页
  • 本馆介绍
  • 公告通知
  • 最新文献
  • 馆藏检索
  • 电子资源
  • 读者导购
  • 参考咨询
  • 我的图书馆
  • 登录
  • 详细信息显示
  • 放入我的书架
  • 预约/预借图书
  • 作者相关作品
  • 分类相关作品
  • 丛书相关作品
  • 出版社相关作品

书目信息

  • 表格格式
  • 工作单格式
  • 卡片格式
题名:
西洋番國志
    
 
作者: 巩珍, , 伯希和 撰 ;冯承钧 译
分册:  
出版信息: 北京   文物出版社  2022.07
页数: 240页
开本: 24cm
丛书名: 海上絲綢之路基本文獻叢書
单 册:
中图分类: K248.105
科图分类:
主题词: 郑和下西洋--zheng he xia xi yang--史料 , 亚洲--ya zhou--史料--中世纪 , 非洲--fei zhou--史料--中世纪
电子资源:
ISBN: 978-7-5010-7661-1
000 01500nam 2200373 450
001 CAL 012022018601
005 20230217093113.0
010    @a978-7-5010-7661-1@b精装@dCNY98.00
100    @a20220920e2022 em y0chiy0120 ea
101 0  @achi
102    @aCN@b110000
105    @ay z 000yy
106    @ar
200 1  @a西洋番國志@Axi yang fan guo zhi@f(清) 鞏珍撰@c鄭和下西洋考@Czheng he xia xi yang kao@f(法) 伯希和著@g馮承鈞譯
205    @a影印本
210    @a北京@c文物出版社@d2022.07
215    @a240页@d24cm
225 2  @a海上絲綢之路基本文獻叢書@Ahai shang si chou zhi lu ji ben wen xian cong shu
330    @a本编注重史料的珍稀性, 从《海上丝绸之路历史文化丛书》中遴选出菁华, 拟出版百册单行本。本编所选之文献, 其编纂的年代下限至一九四九年。本编排序无严格定式, 所选之文献篇幅以二百余页为宜, 以便读者阅读使用。本编所选文献, 每种前皆注明版本、著者。本册内容包括西洋番国志、郑和下西洋考两部分。
410  0 @12001 @a海上絲綢之路基本文獻叢書
423  0 @12001 @a鄭和下西洋考@1701 0@a伯希和
518 1  @a西洋番国志
518 1  @a郑和下西洋考
606 0  @a郑和下西洋@Azheng he xia xi yang@x史料
606 0  @a亚洲@Aya zhou@x史料@z中世纪
606 0  @a非洲@Afei zhou@x史料@z中世纪
690    @aK248.105@v5
701  0 @a巩珍,@Agong zhen@f清代@4撰
701  0 @a伯希和@Abo xi he@4著
702  0 @a冯承钧@Afeng cheng jun@4译
730 1  @a鞏珍@Agong zhen@4撰
730 1  @a馮承鈞@Afeng cheng jun@4譯
801  0 @aCN@bBJXHZP@c20230228
905    @b1397471-4@dK248.105@e180@f4
    
    西洋番國志/(清) 鞏珍撰.鄭和下西洋考/(法) 伯希和著/馮承鈞譯.-影印本.-北京:文物出版社,2022.07
    240页;24cm.-(海上絲綢之路基本文獻叢書)
    
    
    ISBN 978-7-5010-7661-1(精装):CNY98.00
    本编注重史料的珍稀性, 从《海上丝绸之路历史文化丛书》中遴选出菁华, 拟出版百册单行本。本编所选之文献, 其编纂的年代下限至一九四九年。本编排序无严格定式, 所选之文献篇幅以二百余页为宜, 以便读者阅读使用。本编所选文献, 每种前皆注明版本、著者。本册内容包括西洋番国志、郑和下西洋考两部分。
●
相关链接 在E读中查询图书 在五车中查询图书 在当当中查询图书 在豆瓣中查询图书


正题名:西洋番國志     索取号:K248.105/180         预约/预借

序号 登录号 条形码 馆藏地/架位号 状态 备注
1 1397471   213974715   第二样本阅览室/ [索取号:K248.105/180] 在馆    
2 1397472   213974724   第二借阅区/ [索取号:K248.105/180] 在馆    
3 1397473   213974733   第二借阅区/ [索取号:K248.105/180] 在馆    
4 1397474   213974742   第二借阅区/ [索取号:K248.105/180] 在馆    
唐山师范学院图书馆 欢迎您!
大连网信软件有限公司© 版权所有